Global development finance mobilizing finance and managing vulnerability

Guardado en:
Detalles Bibliográficos
Formato: Libro
Lenguaje:inglés
Publicado: Washington, D.C. <The> World Bank 2005
Materias:
Etiquetas: Agregar Etiqueta
Sin Etiquetas, Sea el primero en etiquetar este registro!

MARC

LEADER 00000nam$a2200000$$$4500
001 0041249
005 20221129082625.5
020 |a 0-8213-5985-1 
041 0 |a eng 
044 |a US 
245 1 0 |a Global development finance  |b mobilizing finance and managing vulnerability 
264 1 |a Washington, D.C.  |b <The> World Bank  |c 2005 
300 |a 601 s. 
610 2 0 |a tabuľky štatistické 
610 2 0 |a údaje štatistické medzinárodné 
610 2 0 |a porovnanie medzinárodné 
610 2 0 |a zadlženosť zahraničná 
610 2 0 |a pôžičky medzinárodné 
610 2 0 |a organizácie finančné 
610 2 0 |a organizácie medzinárodné 
610 2 0 |a dlhy 
610 2 0 |a štát 
610 2 0 |a záruka 
610 2 0 |a makroekonomika 
610 2 0 |a informácie 
610 2 0 |a ukazovatele 
610 2 0 |a svet